000 00574nam a22001697a 4500
005 20251108164307.0
008 250721s1979 xx 000 0 ara d
082 1 4 _a796.3309563/كنع
100 1 _aعبد الرحمن، كنعان مهدي
245 1 0 _aكرة القدم :
_bنشأتها في العراق /
264 1 _aبغداد :
_bالإتحاد الوطني لطلبة العراق - مكتب الإعلام و النشر المركزي،
_c1979.
300 _aج
650 1 7 _aكرة القدم
650 1 7 _aالعراق
942 _2ddc
_cBK
999 _c8592
_d8592